[Event "Genset Cup"]
[Site "Szombathely HUN"]
[Date "2009.03.28"]
[Round "3"]
[White "Buzeti,J"]
[Black "Stavrianakis,I"]
[Result "1/2-1/2"]
[WhiteElo "2199"]
[BlackElo "2214"]

1.e4 c5 2.Nf3 d6 3.d4 cxd4 4.Nxd4 Nf6 5.Nc3 a6 6.Be3 e5 7.Nb3 Be6 8.f3 Nbd7
9.g4 Be7 10.Qd2 b5 11.g5 Nh5 12.Nd5 Bxd5 13.exd5 O-O 14.Na5 Re8 15.Nc6 Qc7
16.Nxe7+ Rxe7 17.O-O-O Nf8 18.Kb1 Ng6 19.Bh3 Ngf4 20.Bg4 a5 21.Rc1 a4 22.a3 Qc4
23.Rhd1 g6 24.c3 Rb7  1/2-1/2

[Event "Genset Cup"]
[Site "Szombathely HUN"]
[Date "2009.03.30"]
[Round "5"]
[White "Buzeti,J"]
[Black "Kiss,At"]
[Result "1/2-1/2"]
[WhiteElo "2199"]
[BlackElo "2369"]

1.e4 c5 2.Nf3 d6 3.d4 cxd4 4.Nxd4 Nf6 5.Nc3 a6 6.Be3 e5 7.Nb3 Be7 8.f3 Be6
9.Qd2 O-O 10.O-O-O a5 11.Bb5 Na6 12.g4 Nc7 13.g5 Nh5 14.a4 Qc8 15.Kb1 Nxb5
16.Nxb5 Qc4 17.Nc3 Rfc8 18.Qd3 Qc6 19.Qe2 g6  1/2-1/2

[Event "FSIMA April"]
[Site "Budapest HUN"]
[Date "2009.04.08"]
[Round "5"]
[White "Kislik,E"]
[Black "Farago,S"]
[Result "1-0"]
[WhiteElo "2314"]
[BlackElo "2255"]

1.e4 c5 2.Nf3 d6 3.d4 cxd4 4.Nxd4 Nf6 5.Nc3 a6 6.Be3 b5 7.a4 b4 8.Nd5 Bb7
9.Nxf6+ gxf6 10.f3 e6 11.Bc4 Qc8 12.Qe2 Nd7 13.O-O h5 14.Rad1 Ne5 15.Bb3 Be7
16.Kh1 Rb8 17.Bg1 Ba8 18.Rd2 Kf8 19.Rfd1 Nd7 20.Bc4 Bb7 21.Qf1 Ne5 22.Bb3 Nd7
23.Bc4 Ne5 24.Be2 Ra8 25.f4 Nd7 26.Bf3 Nc5 27.e5 dxe5 28.fxe5 f5 29.Bxb7 Qxb7
30.Nxf5 exf5 31.Bxc5 Bxc5 32.Qxf5 Qe7 33.e6 Bb6 34.a5 Ba7 35.Rd8+ Rxd8 36.Rxd8+ Kg7
37.Rd7 Rd8 38.Rxd8 Qxd8 39.Qxf7+ Kh6 40.Qxa7 Qd1+ 41.Qg1 Qe2 42.h3 h4 43.Qc1+ Kg6
44.Qf4 Qe1+ 45.Kh2 Kh5 46.Qf5+ Kh6 47.Qf6+ Kh5 48.Qh8+ Kg5 49.Qg7+ Kf5 50.e7 b3
51.Qf7+ Kg5 52.Qg8+ Kh6 53.e8=Q  1-0

[Event "47th Doeberl Cup Premier"]
[Site "Canberra AUS"]
[Date "2009.04.09"]
[Round "1"]
[White "Lee,B"]
[Black "Dragicevic,Do"]
[Result "0-1"]
[WhiteElo "2022"]
[BlackElo "2251"]

1.e4 c5 2.Nf3 d6 3.d4 cxd4 4.Nxd4 Nf6 5.Nc3 a6 6.Be3 e6 7.f3 b5 8.Qd2 Bb7
9.g4 Nfd7 10.O-O-O Nb6 11.h4 N8d7 12.Bg5 Qc7 13.Kb1 Rc8 14.Bxb5 axb5 15.Ndxb5 Qc5
16.Be3 Nc4 17.Bxc5 Nxd2+ 18.Rxd2 dxc5 19.Rhd1 Nb6 20.Na7 Rb8 21.Ncb5 Be7
22.Nc7+ Kf8 23.g5 g6 24.b3 Nc8 25.Nab5 Bc6 26.a4 Rb7 27.c4 Na7 28.Nxa7 Rxa7
29.Nb5 Ra5 30.Kc2 h6 31.Rg1 hxg5 32.hxg5 Rh3 33.Rf2 Ra8 34.Nc3 Rd8 35.Ne2 Rxf3
36.Rxf3 Bxe4+ 37.Kc3 Bxf3 38.Nf4 e5 39.Nd3 e4 40.Ne5 Ke8 41.Nxf3 exf3 42.Rg3 Bxg5
43.Rxf3 Bd2+ 44.Kc2 Bb4 45.Re3+ Kf8 46.Re5 f6 47.Re2 g5 48.Rf2 Kf7 49.Rf1 g4
50.Rf4 g3 51.Rg4 Rg8 52.Rxg8 Kxg8  0-1

[Event "Open"]
[Site "Lenk SUI"]
[Date "2009.04.09"]
[Round "1"]
[White "Kuenzli,S"]
[Black "Hoffmann,Micha1"]
[Result "0-1"]
[WhiteElo "2022"]
[BlackElo "2487"]

1.e4 c5 2.Nf3 d6 3.d4 cxd4 4.Nxd4 Nf6 5.Nc3 a6 6.Be3 e6 7.f3 b5 8.Qd2 b4
9.Na4 d5 10.O-O-O Bd7 11.e5 Ng8 12.b3 Bxa4 13.bxa4 Bc5 14.Nxe6 Bxe3 15.Nxg7+ Kf8
16.Qxe3 Kxg7 17.Bc4 Ne7 18.Bxd5 Nxd5 19.Rxd5 Qe7 20.Rhd1 Re8 21.Qb6 a5 22.Rd8 Rxd8
23.Qxd8 Qxe5 24.Rd4 Ra6 25.Re4 Qa1+ 26.Kd2 Rg6 27.Rg4 Nc6  0-1

[Event "KFP Cup"]
[Site "Frydek Mistek CZE"]
[Date "2009.04.10"]
[Round "4"]
[White "Sosovicka,J"]
[Black "Poloch,P"]
[Result "0-1"]
[WhiteElo "2067"]
[BlackElo "2290"]

1.e4 c5 2.Nf3 d6 3.d4 Nf6 4.Nc3 cxd4 5.Nxd4 a6 6.Be3 e6 7.f3 b5 8.Qd2 Nbd7
9.O-O-O Bb7 10.g4 Nb6 11.Qf2 Nfd7 12.Bd3 Rc8 13.Nce2 Qc7 14.Kb1 d5 15.e5 Nc4
16.f4 Nc5 17.Rhe1 Be7 18.Nb3 Ne4 19.Bxe4 dxe4 20.Ned4 O-O 21.h4 Bd5 22.h5 f6
23.exf6 Bxf6 24.Qg2 Nxe3 25.Rxe3 Qxf4 26.Qg3 Qg5 27.Rde1 Be5 28.Qg1 Rf4 29.Rg3 Rf6
30.Rge3 Bf4 31.R3e2 e3 32.Rd1 Qe5 33.Nc1 Bg5 34.Qh2 Bf4 35.Qg1 Be4 36.Nd3 Qxd4
37.Nxf4 Qc4 38.Nd3 Bf3 39.Ne5 Qxe2  0-1

[Event "KFP Cup"]
[Site "Frydek Mistek CZE"]
[Date "2009.04.11"]
[Round "6"]
[White "Dvorak,T"]
[Black "Jurcik,Mart"]
[Result "1/2-1/2"]
[WhiteElo "2287"]
[BlackElo "2331"]

1.e4 c5 2.Nf3 d6 3.d4 cxd4 4.Nxd4 Nf6 5.Nc3 a6 6.Be3 e5 7.Nb3 Be6 8.f4 exf4
9.Bxf4 Nc6 10.Qe2 Be7 11.h3 O-O 12.O-O-O Qc7 13.g4 Rfe8 14.Qg2 b5 15.Kb1 Bf8
16.g5 Nd7 17.Nd5 Bxd5 18.exd5 Nce5 19.h4 Nc4 20.h5 Ne3 21.Bxe3 Rxe3 22.Qf2 Re5
23.g6 Nf6 24.Bh3 Ne4 25.Qf4 Ng5 26.Bf5 h6 27.Rhf1 f6 28.Nd4 Qc4 29.Ne6 Qxf4
30.Rxf4 Be7 31.Rff1 Nxe6 32.Bxe6+ Kf8 33.Rf5 Ra7 34.Rxe5 fxe5 35.Rd3 Bd8
36.Rc3 Bb6 37.Rc6 Bc5 38.c3 a5 39.a3 b4 40.axb4 axb4 41.cxb4 Bxb4 42.Rc8+ Ke7
43.Rg8 Kf6 44.Rf8+ Kg5 45.Rf5+ Kh4 46.Rf7 Bc5 47.Bd7 Kxh5 48.Rxg7 Kg5 49.Re7 Kxg6
50.b4 Bd4 51.Re6+ Kg5 52.Rxd6 Rb7 53.Bc6 Rxb4+ 54.Kc2 e4 55.Re6 e3  1/2-1/2

[Event "KFP Cup"]
[Site "Frydek Mistek CZE"]
[Date "2009.04.11"]
[Round "6"]
[White "Sosovicka,J"]
[Black "Vlasak,Lu"]
[Result "0-1"]
[WhiteElo "2067"]
[BlackElo "2167"]

1.e4 c5 2.Nf3 d6 3.d4 cxd4 4.Nxd4 Nf6 5.Nc3 a6 6.Be3 e5 7.Nb3 Be6 8.f3 Be7
9.Qd2 O-O 10.O-O-O Nbd7 11.g4 Qc7 12.Kb1 Nb6 13.g5 Nfd7 14.h4 Rfc8 15.h5 Nf8
16.f4 exf4 17.Bxf4 Bg4 18.Be2 Bxe2 19.Nxe2 Nc4 20.Qc1 Ne6 21.Nbd4 Qb6 22.Rh3 Nxf4
23.Nxf4 Bxg5 24.Rb3 Qc5 25.Nde2 Qf2 26.Nh3 Bxc1 27.Nxf2 Be3 28.Nd3 Nd2+ 29.Rxd2 Bxd2
30.Rxb7 Rab8 31.Rd7 Rd8 32.Rc7 Rb5 33.Nef4 Bxf4 34.Nxf4 Re5 35.Rc4 f5  0-1

[Event "ch-MGL"]
[Site "Ulan Bator MGL"]
[Date "2009.04.11"]
[Round "1"]
[White "Munguntuul,B"]
[Black "Batjancan,P"]
[Result "1-0"]
[WhiteElo "2440"]
[BlackElo "2136"]

1.e4 c5 2.Nf3 a6 3.Nc3 d6 4.d4 cxd4 5.Nxd4 Nf6 6.Be3 e5 7.Nde2 Be6 8.f4 Be7
9.f5 Bc8 10.Ng3 Nbd7 11.Bc4 O-O 12.O-O b5 13.Bd5 Rb8 14.a3 Nb6 15.Nh5 Nbxd5
16.Nxd5 Nxd5 17.Qxd5 Kh8 18.Rf2 Bb7 19.Qd3 d5 20.f6 gxf6 21.Rd1 d4 22.Bh6 Rg8
23.Re1 Rg6 24.Qd2 Qb6 25.Ng3 Rbg8 26.Nf5 Bd8 27.Kh1 Rg4 28.Qd3 Qc6 29.Qf3 Rxe4
30.Rxe4 Qxe4 31.Nd6 Qe1+ 32.Rf1 Rxg2 33.Nxb7  1-0

[Event "47th Doeberl Cup Premier"]
[Site "Canberra AUS"]
[Date "2009.04.12"]
[Round "8"]
[White "Deepan,C"]
[Black "Mas,H"]
[Result "1-0"]
[WhiteElo "2482"]
[BlackElo "2425"]

1.e4 c5 2.Nf3 d6 3.d4 cxd4 4.Nxd4 Nf6 5.Nc3 a6 6.Be3 e5 7.Nb3 Be7 8.f3 O-O
9.Qd2 Be6 10.O-O-O Nbd7 11.g4 b5 12.g5 b4 13.Ne2 Ne8 14.f4 a5 15.f5 Bxb3
16.cxb3 a4 17.bxa4 Rxa4 18.Kb1 Rxa2 19.Kxa2 Qa8+ 20.Kb1 Qxe4+ 21.Qd3 Qxh1
22.f6 gxf6 23.Bh3 Qc6 24.Bf5 Kg7 25.Ng3 Nc5 26.Bxc5 Qxc5 27.Ne4 Qc6 28.gxf6+ Nxf6
29.Rg1+ Kh8 30.Nxf6 Qb6 31.Rd1  1-0

[Event "KFP Cup"]
[Site "Frydek Mistek CZE"]
[Date "2009.04.12"]
[Round "8"]
[White "Dvorak,T"]
[Black "Csiba,D"]
[Result "0-1"]
[WhiteElo "2287"]
[BlackElo "2377"]

1.e4 c5 2.Nf3 d6 3.d4 cxd4 4.Nxd4 Nf6 5.Nc3 a6 6.Be3 e5 7.Nb3 Be6 8.f4 exf4
9.Bxf4 Nc6 10.Qe2 Be7 11.h3 Nd7 12.O-O-O Nce5 13.Kb1 O-O 14.g4 Rc8 15.Nd5 Bxd5
16.exd5 Bf6 17.Qg2 h6 18.Bd3 Nxd3 19.Rxd3 Ne5 20.Bxe5 Bxe5 21.h4 Qf6 22.Rf3 Qg6
23.Rf5 Rc4 24.Rg1 f6 25.Nc1 Rfc8 26.Nd3 Bd4 27.h5 Qe8 28.Re1 Qb5 29.Re4 Rxc2
30.Qxc2 Rxc2 31.Kxc2 Qc4+ 32.Kd2 Bc3+ 33.Ke3 Bd2+ 34.Kxd2 Qxe4 35.Nf2 Qd4+
36.Kc2 Kf7 37.a3 g6 38.hxg6+ Kxg6 39.Nd3 Qxg4 40.Rf2 Qe4 41.Kc3 f5 42.Rh2 h5
43.Rg2+ Kf6 44.Rh2 h4 45.Rh3 Kg5 46.Rh2 Qe3 47.Rg2+ Kh5 48.Kc2 h3 49.Rg8 Qd4
50.Rf8 Kg4 51.Rg8+ Kf3 52.Rf8 f4 53.Ne1+ Ke2 54.Re8+ Qe3 55.Rxe3+ fxe3 56.Nd3 h2
57.Nf4+ Kf3  0-1

[Event "Open"]
[Site "Lenk SUI"]
[Date "2009.04.12"]
[Round "6"]
[White "Gaehwiler,G"]
[Black "Grillon,A"]
[Result "1-0"]
[WhiteElo "2226"]
[BlackElo "2114"]

1.e4 c5 2.Nf3 d6 3.d4 cxd4 4.Nxd4 Nf6 5.Nc3 a6 6.Be3 e6 7.Be2 Be7 8.O-O O-O
9.f4 Qc7 10.g4 Nc6 11.g5 Nd7 12.f5 Nxd4 13.Qxd4 Qc5 14.Qd3 Qc6 15.f6 Ne5
16.fxe7 Nxd3 17.exf8=Q+ Kxf8 18.cxd3 b5 19.Rac1 Qb7 20.e5 d5 21.Bh5 g6 22.Bc5+ Kg8
23.Bg4 Bd7 24.Rf6 Rc8 25.b4 Rc6 26.Rcf1 Bc8 27.d4 Rc7 28.h4 h5 29.gxh6 Kh7
30.h5 Kxh6 31.hxg6 fxg6 32.Be2 Kh7 33.Bd3  1-0

[Event "XXVII Open"]
[Site "Metz FRA"]
[Date "2009.04.12"]
[Round "2"]
[White "Gharamian,T"]
[Black "Spirin,O"]
[Result "1/2-1/2"]
[WhiteElo "2600"]
[BlackElo "2437"]

1.e4 c5 2.Nf3 d6 3.d4 cxd4 4.Nxd4 Nf6 5.Nc3 a6 6.Be3 e6 7.g4 h6 8.h4 b5 9.a3 Bb7
10.Bg2 Qc7 11.g5 hxg5 12.hxg5 Rxh1+ 13.Bxh1 Nfd7 14.g6 Ne5 15.gxf7+ Qxf7
16.Qe2 Nbc6 17.Nxc6 Bxc6 18.O-O-O Be7 19.f4 Nc4 20.Bf3 O-O-O 21.Kb1 Kb8 22.Bc1 Bf6
23.Na2 Bb7 24.Nb4 a5 25.Na2 d5 26.b3 dxe4 27.Rxd8+ Bxd8 28.Bxe4 Nd6 29.Bxb7 Kxb7
30.Bb2 Qxf4 31.Qxe6 Bf6 32.Nc3 Qd4 33.Qd7+ Kb8 34.Qc6 b4 35.Na4 Qd1+ 36.Ka2 Bxb2
37.Nxb2 Qd4 38.Qd7 Qc5 39.Qxg7 Qxc2 40.Qe5 Qc7 41.a4 Kb7  1/2-1/2

[Event "15th Festival Open A"]
[Site "Zupanja CRO"]
[Date "2009.04.12"]
[Round "9"]
[White "Fercec,N"]
[Black "Zufic,M"]
[Result "0-1"]
[WhiteElo "2478"]
[BlackElo "2439"]

1.e4 c5 2.Nf3 d6 3.d4 cxd4 4.Nxd4 Nf6 5.Nc3 a6 6.Be3 e5 7.Nb3 Be6 8.f3 Be7
9.Qd2 O-O 10.O-O-O a5 11.a4 Nc6 12.g4 Nb4 13.Kb1 Rc8 14.h4 d5 15.g5 Ne8 16.exd5 Bf5
17.Rc1 Nd6 18.Be2 b6 19.h5 Qd7 20.Bxb6 Rxc3 21.bxc3 Qxa4 22.cxb4 Qxb3+ 23.Ka1 Qa3+
24.Kb1 axb4  0-1

[Event "47th Doeberl Cup Premier"]
[Site "Canberra AUS"]
[Date "2009.04.13"]
[Round "9"]
[White "Rej,T"]
[Black "Nadig,K"]
[Result "1/2-1/2"]
[WhiteElo "2308"]
[BlackElo "2361"]

1.e4 c5 2.Nf3 d6 3.d4 Nf6 4.Nc3 cxd4 5.Nxd4 a6 6.Be3 Ng4 7.Bg5 h6 8.Bh4 g5
9.Be2 Ne5 10.Bg3 Bg7 11.O-O Nbc6 12.Nb3 O-O 13.Qd2 g4 14.Nd5 e6 15.Nf4 Qg5
16.Qxd6 h5 17.h4 gxh3 18.Nxh3 Qg6 19.Nc5 h4 20.Bf4 Rd8 21.Qc7 Bf8 22.Bxe5 Bxc5
23.Rad1 Re8 24.Bf3 f6 25.Nf4 Qg5 26.Bd6 Bxd6 27.Qxd6 Ne5 28.Bh5 Nf7 29.Qc7 Qg7
30.Bxf7+ Qxf7 31.Qxf7+ Kxf7 32.Rd6 b5 33.Rfd1 Ra7 34.f3 Rc7 35.c3 Rc5 36.Rd8 f5
37.Rxe8 Kxe8 38.Rd6 Ke7 39.Rb6 fxe4 40.fxe4 Rc4 41.Nd3 Rxe4 42.Nc5 Re2 43.Rc6 Kd8
44.a4 Rxb2 45.axb5 axb5 46.Nxe6+ Kd7 47.Rc7+ Kxe6 48.Rxc8 Kd5 49.Rh8 Kc4
50.Rc8+ Kd3 51.Rc5 Ke3  1/2-1/2

[Event "ch-MGL"]
[Site "Ulan Bator MGL"]
[Date "2009.04.13"]
[Round "6"]
[White "Batjancan,P"]
[Black "Battulga,N"]
[Result "0-1"]
[WhiteElo "2136"]
[BlackElo "2319"]

1.e4 c5 2.Nf3 d6 3.d4 cxd4 4.Nxd4 Nf6 5.Nc3 a6 6.Be3 e6 7.f3 b5 8.Qd2 Nbd7
9.g4 h6 10.O-O-O b4 11.Na4 Ne5 12.b3 Bd7 13.Nb2 d5 14.Nd3 Nxf3 15.Nxf3 Nxe4
16.Qe1 Qa5 17.Kb2 Qa3+ 18.Ka1 Nc3 19.Nc1 Rc8 20.Rd3 Ne4 21.Qd1 Bb5 22.Nd2 Nc3
23.Qe1 Be7 24.Nb1 Nxb1 25.Kxb1 Bf6 26.Rd4 Rc3 27.Bxb5+ axb5 28.Nd3 O-O 29.h4 Rxc2
30.Kxc2 Qxa2+ 31.Kd1 Rc8 32.Nxb4 Qxb3+ 33.Ke2 Bxd4 34.Bxd4 Rc4 35.Qb1 Qxb1
36.Rxb1 Rxd4 37.Kf3 h5 38.gxh5 Rxh4 39.Nc6 Rxh5 40.Rxb5 g6 41.Rb7 Rf5+ 42.Ke3 Kf8
43.Kd4 g5 44.Ne7 Rf4+ 45.Ke5 Kg7 46.Nc6 Rf5+ 47.Kd6 g4 48.Nd4 Rf6 49.Ke5 g3
50.Rb1 Rg6 51.Rg1 Rg4 52.Nc2 Kg6 53.Kd6 d4 54.Ke5 f5 55.Kxe6 d3 56.Ne1 d2
57.Nf3 Re4+ 58.Kd5 d1=Q+ 59.Rxd1 Kh5 60.Rh1+ Kg4 61.Ne5+ Rxe5+ 62.Kxe5 f4
63.Ke4 f3 64.Rf1 g2 65.Rxf3 g1=Q 66.Rf4+ Kg5 67.Rf5+ Kg6 68.Rf4 Qe1+ 69.Kd5 Qe3
70.Re4 Qf3 71.Ke5 Kg5 72.Kd4 Kf5 73.Re5+ Kf4 74.Rd5 Qe3+ 75.Kc4 Ke4 76.Rc5 Qd3+
77.Kb4 Kd4 78.Rb5 Qc3+ 79.Ka4 Qa1+ 80.Kb4 Qa2 81.Rh5 Qb1+ 82.Ka3 Qc1+ 83.Ka2 Qd2+
84.Ka3 Qe3+ 85.Kb4 Qe7+ 86.Ka5 Kc4 87.Kb6 Qf6+ 88.Ka5 Qf7 89.Rh4+ Kc5  0-1

[Event "80th Viktor Kart Jubilee"]
[Site "Lvov UKR"]
[Date "2009.04.14"]
[Round "4"]
[White "Stets,D"]
[Black "Oleksienko,M"]
[Result "1-0"]
[WhiteElo "2422"]
[BlackElo "2550"]

1.e4 c5 2.Nf3 d6 3.d4 cxd4 4.Nxd4 Nf6 5.Nc3 a6 6.Be3 e6 7.Qd2 b5 8.f3 Nbd7
9.g4 Nb6 10.O-O-O Bb7 11.Bd3 Rc8 12.Kb1 Nfd7 13.g5 b4 14.Nce2 d5 15.Ng3 Nc5
16.Qf2 Qc7 17.Nb3 Nba4 18.exd5 Bxd5 19.Bd4 Nxd3 20.Rxd3 Nc5 21.Rd2 Nxb3 22.axb3 Qf4
23.Rf1 Qxg5 24.f4 Qg4 25.f5 Be7 26.f6 gxf6 27.Bxf6 Bc5 28.Qe1 O-O 29.Rxd5 exd5
30.Nf5 Qg6 31.Rg1  1-0

[Event "XXVII Open"]
[Site "Metz FRA"]
[Date "2009.04.14"]
[Round "5"]
[White "Nijboer,F"]
[Black "Le Quang,K"]
[Result "1-0"]
[WhiteElo "2562"]
[BlackElo "2310"]

1.e4 c5 2.Nf3 d6 3.d4 cxd4 4.Nxd4 Nf6 5.Nc3 a6 6.Be3 e5 7.Nb3 Be6 8.f3 Be7
9.Qd2 h5 10.Nd5 Nxd5 11.exd5 Bf5 12.c4 b6 13.Be2 Bh4+ 14.g3 Bf6 15.Qb4 Nd7
16.Qxd6 Be7 17.Qc6 Rc8 18.Qa4 O-O 19.Qxa6 Bb4+ 20.Kf2 Qe7 21.Qb5 Bc2 22.a3 Bd6
23.Rac1 Bxb3 24.Qxb3 f5 25.Kg2 f4 26.Bf2 Nc5 27.Qc2 e4 28.Bxc5 Bxc5 29.Qxe4 Qg5
30.Bd3 Rce8 31.Qh7+ Kf7 32.Rce1 Kf6 33.Re6+ Rxe6 34.dxe6 fxg3 35.f4 Qg4 36.hxg3 Bd4
37.e7 Re8 38.Qxh5 Qxh5 39.Rxh5 Bxb2 40.a4 Rxe7 41.Rf5+ Ke6 42.a5 bxa5 43.Rxa5 Kd6
44.Kf3 Rc7 45.Rd5+ Kc6 46.Be4  1-0

[Event "XXVII Open"]
[Site "Metz FRA"]
[Date "2009.04.14"]
[Round "6"]
[White "Balogh,C"]
[Black "Horvath,Ad1"]
[Result "1/2-1/2"]
[WhiteElo "2609"]
[BlackElo "2519"]

1.e4 c5 2.Nf3 d6 3.Nc3 Nf6 4.d4 cxd4 5.Nxd4 a6 6.Be3 e5 7.Nb3 Be6 8.f3 Nbd7
9.Qd2 b5 10.a4 b4 11.Nd5 Bxd5 12.exd5 Nb6 13.Bxb6 Qxb6 14.a5 Qb7 15.Bc4 g6
16.Ra4 Rb8 17.Qd3 Ra8 18.Qd2 Rb8 19.Qd3 Ra8 20.Qd2 Rb8 21.Qd3 Ra8 22.Qd2 Rb8  1/2-1/2

[Event "XXVII Open"]
[Site "Metz FRA"]
[Date "2009.04.14"]
[Round "6"]
[White "Gharamian,T"]
[Black "Grigorov,G"]
[Result "1-0"]
[WhiteElo "2600"]
[BlackElo "2488"]

1.e4 c5 2.Nf3 d6 3.d4 cxd4 4.Nxd4 Nf6 5.Nc3 a6 6.Be3 e6 7.g4 e5 8.Nf5 h5
9.g5 Nxe4 10.Nxg7+ Bxg7 11.Nxe4 d5 12.Ng3 d4 13.Bd2 Nc6 14.Bd3 Bg4 15.f3 h4
16.fxg4 hxg3 17.Qf3 gxh2 18.O-O-O Qe7 19.Rdf1 O-O-O 20.Rf2 Rde8 21.Be4 Nd8
22.Rhxh2 Rxh2 23.Rxh2 Ne6 24.Qf5 Kb8 25.Rh7 Rh8 26.g6 Rf8 27.Bg2 Ka7 28.a3 fxg6
29.Qxe5 Rf7 30.Qe4 Qf6 31.Kb1 Rd7 32.Qf3 Qe5 33.Qe4 Qf6 34.Qf3 Qe5 35.Rh1 Qb5
36.Qd3 Qxd3 37.cxd3 Nc5 38.Rh7 Be5 39.Rxd7 Nxd7 40.Be4 Nf6 41.Bf3 Bg3 42.Bb4 Kb6
43.Be7 Be5 44.Bd8+ Ka7 45.a4 g5 46.Kc2 Kb8 47.a5 Kc8 48.Be7 Kc7 49.Kb3 b5
50.axb6+ Kxb6 51.Kc4 Kc7 52.b3 Kd7 53.Bc5 Ke6 54.Bb7 Kd7 55.Be4 Nxe4 56.dxe4 Ke6
57.Bxd4 Bd6 58.Bc5 Bf4 59.Bb6 Bd6 60.Bd8 Bf4 61.Kd4 Bc1 62.e5 Bf4 63.Bf6 Bd2
64.Kc5 a5 65.Kd4 Bf4 66.Ke4 Bc1 67.Bd8 Bd2 68.Bb6 Bb4 69.Bd4 Be7 70.Bc3 Bd8
71.Bd2 Bc7 72.Bxg5 Bxe5 73.Bd2 Bc7 74.Kd4 Bd8 75.Kc4 Ke5 76.Kb5 Kd5 77.Ka6  1-0

[Event "XXVII Open"]
[Site "Metz FRA"]
[Date "2009.04.15"]
[Round "7"]
[White "Nijboer,F"]
[Black "Gharamian,T"]
[Result "1/2-1/2"]
[WhiteElo "2562"]
[BlackElo "2600"]

1.e4 c5 2.Nf3 d6 3.d4 cxd4 4.Nxd4 Nf6 5.Nc3 a6 6.Be3 e5 7.Nb3 Be7 8.f3 Be6
9.Qd2 O-O 10.O-O-O a5 11.a4 Na6 12.g4 Nb4 13.Kb1 Rc8 14.h4 d5 15.g5 Ne8 16.exd5 Bf5
17.Rc1 b6 18.Bf2 Nd6 19.Qe3 Qd7 20.Nd2 b5 21.axb5 Rxc3 22.Qxc3 Rc8 23.Nc4 Nxb5
24.Qxe5 f6  1/2-1/2

[Event "XXVII Open"]
[Site "Metz FRA"]
[Date "2009.04.15"]
[Round "7"]
[White "Zinchenko,Ya"]
[Black "Pucher,S"]
[Result "1-0"]
[WhiteElo "2531"]
[BlackElo "2278"]

1.e4 c5 2.Nf3 d6 3.d4 cxd4 4.Nxd4 Nf6 5.Nc3 a6 6.Be3 e5 7.Nb3 Be6 8.Qd2 Nbd7
9.O-O-O b5 10.f4 Ng4 11.f5 Bxb3 12.axb3 Be7 13.Kb1 Nxe3 14.Qxe3 Nb6 15.h4 O-O
16.g4 f6 17.Rg1 Qc7 18.g5 Rac8 19.Rg2 Qc5 20.Qd2 Kh8 21.Be2 Rc7 22.Bh5 b4
23.Na2 a5 24.Qe2 fxg5 25.hxg5 h6 26.Rh1 Rfc8 27.gxh6 gxh6 28.Bf7 Bf8 29.Qg4  1-0

[Event "Sydney International Open"]
[Site "Parramatta AUS"]
[Date "2009.04.15"]
[Round "1"]
[White "Schon,E"]
[Black "Rachmadi,H"]
[Result "1-0"]
[WhiteElo "2186"]
[BlackElo "1842"]

1.e4 c5 2.Nf3 d6 3.d4 cxd4 4.Nxd4 Nf6 5.Nc3 a6 6.Be3 e6 7.f3 b5 8.Qd2 Be7
9.g4 Nfd7 10.O-O-O Bb7 11.Kb1 Nb6 12.Qf2 N8d7 13.Bd3 Qc7 14.Nce2 Rc8 15.Ng3 O-O
16.h4 d5 17.g5 b4 18.h5 Nc4 19.Bxc4 Qxc4 20.g6 dxe4 21.h6 Bf6 22.hxg7 Bxg7
23.gxh7+ Kh8 24.Nh5 Bf6 25.Nxf6 Nxf6 26.Bh6 exf3 27.Qg3 Ne8 28.Bxf8 Bd5 29.Qg8+  1-0

[Event "ch-MGL"]
[Site "Ulan Bator MGL"]
[Date "2009.04.15"]
[Round "8"]
[White "Munguntuul,B"]
[Black "Battulga,N"]
[Result "0-1"]
[WhiteElo "2440"]
[BlackElo "2319"]

1.e4 c5 2.Nf3 d6 3.d4 cxd4 4.Nxd4 Nf6 5.Nc3 a6 6.Be3 e6 7.f4 Qc7 8.Qf3 b5
9.Bd3 Bb7 10.g4 b4 11.Nce2 d5 12.e5 Ne4 13.O-O-O Nd7 14.Ng3 Ndc5 15.Kb1 Be7
16.f5 O-O-O 17.Bf4 g5 18.fxg6 hxg6 19.Bxe4 Nxe4 20.Nxe4 dxe4 21.Qe2 Rd5 22.h4 g5
23.Bh2 gxh4 24.Rhf1 Rhd8 25.Bg1 Bg5 26.a3 e3 27.Nf3 Rxd1+ 28.Rxd1 Rxd1+ 29.Qxd1 Bxf3
30.Qxf3 Qxe5 31.Qe2 bxa3 32.Qxa6+ Kd8 33.Qxa3 Ke8 34.Qa8+ Ke7 35.Qa3+ Kf6
36.Qf8 Qd5 37.Qh8+ Ke7  0-1

[Event "TCh-HUN 2008-9"]
[Site "Budapest HUN"]
[Date "2009.04.18"]
[Round "11"]
[White "Fusthy,Z"]
[Black "Antok,D"]
[Result "1/2-1/2"]
[WhiteElo "2323"]
[BlackElo "2273"]

1.e4 c5 2.Nf3 d6 3.d4 cxd4 4.Nxd4 Nf6 5.Nc3 a6 6.Be3 Nc6 7.f3 e5 8.Nb3 Be6
9.Qd2 d5 10.exd5 Nxd5 11.Nxd5 Qxd5 12.Qxd5 Bxd5 13.O-O-O O-O-O 14.Bd3 Kc7
15.Rhe1  1/2-1/2

[Event "zt 3.5 Men"]
[Site "Beijing CHN"]
[Date "2009.04.19"]
[Round "3"]
[White "Gao Rui"]
[Black "Zhou Jianchao"]
[Result "1/2-1/2"]
[WhiteElo "2500"]
[BlackElo "2635"]

1.e4 c5 2.Nf3 d6 3.d4 cxd4 4.Nxd4 Nf6 5.Nc3 a6 6.Be3 e5 7.Nf3 Be7 8.Bc4 O-O
9.O-O Nc6 10.Re1 b5 11.Bf1 Rb8 12.Bg5 Be6 13.Bxf6 Bxf6 14.Nd5 Bg5 15.a4 bxa4
16.Rxa4 a5 17.b3 Bh6 18.Bc4 Kh8 19.Ne3 Qc7 20.Nd2 Rfd8 21.Bd5 Nb4 22.Ndc4 Rb5
23.Bxe6 fxe6 24.Qe2 Bxe3 25.Nxe3 Rc5 26.Nc4 Nc6 27.Ra2 h6 28.h3 Re8 29.Qh5 Rb8
30.Qe2 Rb4 31.Qe3 Rbb5 32.Qe2 Rb4 33.Qe3 Rb8 34.Qe2 Re8 35.Qh5 Rf8 36.c3 Qb8
37.Rd2 Qxb3 38.Nxd6 Qxc3 39.Red1 Nd4 40.Rd3 Qc2 41.R3d2 Qc3 42.Rd3 Qc2 43.R3d2 Qc3
44.Rd3 Qc2 45.R3d2 Qc3  1/2-1/2

[Event "7th V.Nabokov Mem"]
[Site "Kyiv UKR"]
[Date "2009.04.19"]
[Round "7"]
[White "Leniart,A"]
[Black "Nyzhnyk,I"]
[Result "1/2-1/2"]
[WhiteElo "2372"]
[BlackElo "2499"]

1.e4 c5 2.Nf3 d6 3.d4 cxd4 4.Nxd4 Nf6 5.Nc3 a6 6.Be3 e5 7.Nf3 Qc7 8.Be2 Nbd7
9.O-O b5 10.a4 b4 11.Nd5 Nxd5 12.exd5 Be7 13.a5 O-O 14.Nd2 f5 15.Nc4 f4 16.Bb6 Qb7
17.Bf3 Nf6 18.Re1 Re8 19.Ra4 Bf5 20.Nd2 Rac8 21.Ne4 Rc4 22.Qd3 Qc8 23.c3 Nxe4
24.Bxe4 Bxe4 25.Rxe4 Rxe4 26.Qxe4 bxc3 27.bxc3 Qxc3 28.h3 Rc8 29.Kh2 Qc2
30.Qxc2 Rxc2 31.g3 fxg3+ 32.Kxg3 Kf7 33.Rb4 Rc3+ 34.Kg2 h6 35.Be3 Ra3 36.Bb6 Rc3
37.Be3 Ra3 38.Bb6 Rc3 39.Be3  1/2-1/2

[Event "11th Open St-Quentin en Yvelines"]
[Site "Elancourt FRA"]
[Date "2009.04.21"]
[Round "5"]
[White "Lebrun,X"]
[Black "Laurent,D"]
[Result "1-0"]
[WhiteElo "2210"]
[BlackElo "2012"]

1.e4 c5 2.Nf3 d6 3.d4 cxd4 4.Nxd4 Nf6 5.Nc3 a6 6.Be3 e6 7.f3 Qc7 8.Qd2 Nbd7
9.O-O-O b5 10.g4 h6 11.h4 Nb6 12.Ndxb5 axb5 13.Nxb5 Qb8 14.Qc3 Kd8 15.Qc6 Nbd7
16.Kb1 Ne8 17.Be2 Qb7 18.Qc3 Nb6 19.Qd4 Rb8 20.b3 Bd7 21.a4 Bxb5 22.Bxb5 Nc7
23.Be2 Nd7 24.Rd2 d5 25.Bf4 Qb4 26.Bxc7+ Kxc7 27.exd5 Bc5 28.Qxb4 Bxb4 29.Rdd1 exd5
30.Rxd5 Nf6 31.Rd4 Rhe8 32.Bb5 Re1+ 33.Rxe1 Bxe1 34.g5 hxg5 35.hxg5 Nh7 36.f4 Kb6
37.b4 Rb7 38.Rd3 g6 39.Rd4 Re7 40.Ka2 Nf8 41.Bd3 Ne6 42.Re4 Bd2 43.Bc4 Bxf4
44.a5+ Ka7 45.Bxe6 Bxg5 46.Bd5 Rxe4 47.Bxe4 Bd2 48.Kb3 g5 49.Bf5 Kb7 50.c4 Kc7
51.c5 Kc6 52.a6 Kc7 53.b5 Be3 54.b6+  1-0

[Event "zt 3.5 Men"]
[Site "Beijing CHN"]
[Date "2009.04.22"]
[Round "6"]
[White "Wang Hao"]
[Black "Gao Rui"]
[Result "1/2-1/2"]
[WhiteElo "2696"]
[BlackElo "2500"]

1.Nf3 c5 2.e4 d6 3.d4 cxd4 4.Nxd4 Nf6 5.Nc3 a6 6.Be3 e5 7.Nb3 Be7 8.Qd2 O-O
9.O-O-O Be6 10.f4 Nbd7 11.f5 Bxb3 12.cxb3 b5 13.Kb1 Nc5 14.Bxc5 dxc5 15.Qe1 Qb8
16.g4 Nxg4 17.Nd5 Bd8 18.Rg1 Nf6 19.Qg3 g6 20.h4 Nxd5 21.Rxd5 Ra7 22.Bh3 Kh8
23.Rgd1 c4 24.Rd6 Re8 25.fxg6 fxg6 26.Bd7 Rf8 27.h5 g5 28.Qxe5+ Bf6 29.Qe6 h6
30.e5 Bg7 31.Bc6 Rc7 32.b4 Qc8 33.Qxc8 Rcxc8 34.e6 Rc7 35.Be4 Re7 36.Rxa6 c3
37.b3 Be5 38.Rb6 Rf2 39.Bc2 g4 40.Rxb5 Rxe6 41.Rd8+ Kg7 42.Rb7+ Rf7 43.Rxf7+ Kxf7
44.Bg6+ Kf6 45.Kc2 g3 46.Rg8 Rd6 47.Bd3 Kf7 48.Rg6 Rd4 49.Rxh6 Rf4 50.Bc4+ Kf8
51.Bd5 Rf2+ 52.Kd3 Rd2+ 53.Ke4 g2 54.Rg6 Bh2 55.Rg8+ Ke7 56.Rg7+ Kd6 57.Rg6+ Kc7
58.Rg7+ Kd8 59.Rg8+ Kc7 60.Rg7+ Kb6 61.Rg6+ Kc7 62.Rg7+ Kb6 63.Rg6+ Kc7 64.Rg7+ Kb6  1/2-1/2

[Event "zt 3.5 Men"]
[Site "Beijing CHN"]
[Date "2009.04.24"]
[Round "7"]
[White "Yu Yangyi"]
[Black "Li Chao2"]
[Result "0-1"]
[WhiteElo "2433"]
[BlackElo "2643"]

1.e4 c5 2.Nf3 d6 3.d4 cxd4 4.Nxd4 Nf6 5.Nc3 a6 6.Be3 Ng4 7.Bc1 Nf6 8.Be3 Ng4
9.Bg5 h6 10.Bh4 g5 11.Bg3 Bg7 12.h3 Ne5 13.Nf5 Bxf5 14.exf5 Nbc6 15.Nd5 e6
16.fxe6 fxe6 17.Ne3 Qa5+ 18.c3 Nf3+ 19.Qxf3 Bxc3+ 20.Kd1 Qa4+ 21.Nc2 Bxb2
22.Rc1 Rc8 23.Bd3 Rf8 24.Qh5+ Kd7 25.Qxh6 Qxa2 26.Re1 Bxc1 27.Qg7+ Ne7 28.Kxc1 Rg8
29.Qb2 Qxb2+ 30.Kxb2 Nf5 31.Bh2 Nh4 32.Nd4 Rce8 33.Be4 Rgf8 34.Re2 Rf6 35.Rd2 Ref8
36.Nf3 d5 37.Ne5+ Ke7 38.Bf3 Nxg2 39.Ng6+ Rxg6 40.Bxg2 Rc8 41.Bf3 Rc6 42.Re2 Kd7
43.Bg4 Rg8 44.Re5 Ke7 45.Bg3 Rgc8 46.Rxg5 Rb6+ 47.Ka3 Rc3+ 48.Ka4 Rcb3 49.Be5 R6b4+
50.Ka5 Rb5+ 51.Ka4 b6  0-1

[Event "11th Open St-Quentin en Yvelines"]
[Site "Elancourt FRA"]
[Date "2009.04.24"]
[Round "8"]
[White "Lebrun,X"]
[Black "Guliyev,N"]
[Result "0-1"]
[WhiteElo "2210"]
[BlackElo "2534"]

1.e4 c5 2.Nf3 d6 3.d4 cxd4 4.Nxd4 Nf6 5.Nc3 a6 6.Be3 e6 7.f3 b5 8.Qd2 Nbd7
9.O-O-O Ne5 10.g4 b4 11.Nb1 h6 12.h4 d5 13.Bf4 Qc7 14.Nc6 Qxc6 15.Bxe5 Bb7
16.Qf4 Rc8 17.Bd3 Nxe4 18.fxe4 dxe4 19.Rhf1 f6 20.Bxf6 exd3 21.Bc3 Rc7 22.Rxd3 bxc3
23.Nxc3 Bc5 24.Rfd1 Be7 25.g5 hxg5 26.hxg5 Qc5 27.Kb1 Bxg5 28.Qa4+ Bc6 29.Qb3 Kf7
30.Rd6 Re8 31.Rxc6 Qxc6  0-1